000 00480nam a22001937a 4500
003 MPLRDC
005 20220104144518.0
008 210129b ||||| |||| 00| 0 eng d
020 _a962-17-0104-X
082 _a848.3 LYN-2 v.3 c.2
100 _a林燕妮著
245 _a
_c
250 _a第十八版
260 _a
_b博益出版集团有限公司
_c1991
300 _b
490 _a林燕妮作品;3
650 _a现代别集
942 _cBK
_o848.3 LYN-2 v.3 c.2
999 _c50344
_d50334